Catálogo

Tapas : (Registro nro. 47019)

Detalles MARC
000 -LEADER
fixed length control field 01306cam a2200325 i 4500
001 - CONTROL NUMBER
control field 47019
003 - CONTROL NUMBER IDENTIFIER
control field Mx-PuUPA
005 - DATE AND TIME OF LATEST TRANSACTION
control field 20240410104029.0
008 - FIXED-LENGTH DATA ELEMENTS--GENERAL INFORMATION
fixed length control field 140415s2003 sp o gr 001 0 spa d
020 ## - INTERNATIONAL STANDARD BOOK NUMBER
International Standard Book Number 8480764600
040 ## - CATALOGING SOURCE
Original cataloging agency Mx-PuUPA
Language of cataloging spa
Transcribing agency Mx-PuUPA
Modifying agency Mx-PuUPA
Description conventions rda
041 1# - LANGUAGE CODE
Language code of text/sound track or separate title spa
Language code of original eng
100 1# - MAIN ENTRY--PERSONAL NAME
Personal name Dunlop, Fiona,
9 (RLIN) 8796
Dates associated with a name 1952-
Relator term autor
240 10 - UNIFORM TITLE
Uniform title New tapas : today's best bar food from Spain.
Language of a work Español
245 10 - TITLE STATEMENT
Title Tapas :
Remainder of title las mejores tapas de los chefs españoles /
Statement of responsibility, etc. Fiona Dunlop ; traducción, Ana María Pérez Martínez
250 ## - EDITION STATEMENT
Edition statement Primera edicción
264 #4 - PRODUCTION, PUBLICATION, DISTRIBUTION, MANUFACTURE, AND COPYRIGHT NOTICE
Place of production, publication, distribution, manufacture Barcelona :
Name of producer, publisher, distributor, manufacturer Blume,
Date of production, publication, distribution, manufacture, or copyright notice 2003
300 ## - PHYSICAL DESCRIPTION
Extent 192 páginas :
Other physical details fotografías (principalmente color);
Dimensions 27 cm.
336 ## - CONTENT TYPE
Fuente rdacontent
Content type term texto
Content type code txt
337 ## - MEDIA TYPE
Source rdamedia
Media type term sin medio
Media type code n
338 ## - CARRIER TYPE
Source rdacarrier
Carrier type term volumen
Carrier type code nc
650 #4 - SUBJECT ADDED ENTRY--TOPICAL TERM
Topical term or geographic name entry element Gastronomía española
Form subdivision Recetarios
650 #4 - SUBJECT ADDED ENTRY--TOPICAL TERM
Topical term or geographic name entry element Cocina española
General subdivision Chefs y gastrónomos
700 1# - ADDED ENTRY--PERSONAL NAME
Personal name Pérez Martínez, Ana María,
Relator term traductor
765 18 - ORIGINAL LANGUAGE ENTRY
Main entry heading Dunlop, Fiona
Place, publisher, and date of publication London : Mitchell Beazley, 2002
Physical description 192 páginas : ilustraciones (algunas color), retratos (algunas color) ; 27 cm
Title New tapas : today's best bar food from Spain
International Standard Book Number 9781840005783
942 ## - ADDED ENTRY ELEMENTS (KOHA)
Source of classification or shelving scheme Dewey Decimal Classification
Koha item type Libro
Classification part 641.812
Item part D897
Existencias
Withdrawn status Lost status Source of classification or shelving scheme Damaged status Not for loan Collection code Home library Current library Shelving location Date acquired Source of acquisition Total Checkouts Full call number Barcode Date last seen Price effective from Koha item type
    Dewey Decimal Classification     General Biblioteca Karol Wojtyla Biblioteca Karol Wojtyla Sala general 03/12/2013 Compra   641.812 D897 2003 70480 05/01/2026 03/12/2013 Reserva permanente